| 000 | 005610000a22001810004500 | ||
|---|---|---|---|
| 003 | MACL | ||
| 005 | 20160315170923.0 | ||
| 008 | 160315b xxu||||| |||| 00| 0 eng d | ||
| 040 |
_aMACL _cMACL |
||
| 041 | _aHindi | ||
| 082 | _a910 | ||
| 100 |
_aसक्सेना एस. सी _946326 |
||
| 245 | _aभारत का आर्थिक एवं वाणिन्यिक भूगोल | ||
| 260 |
_bनवयुग साहित्य सदन _aआगरा |
||
| 350 | _a8 | ||
| 650 |
_aGeography _946327 |
||
| 942 |
_cHIN _k910 _2ddc |
||
| 999 |
_c25569 _d25569 |
||